Language Quiz

Random Language or German Quiz

Top 75 Surnames (Germany) Quiz Stats

 Plays Quiz Updated Nov 9, 2016

Challenge
Share
Tweet
Embed
Score 0/75 Timer 12:00
4 Plays Today
Rank Surname % Correct
32.Schmid
58.7%
1.Müller
57.3%
2.Schmidt
53.6%
47.Weiß
32.3%
19.Schwarz
31.5%
6.Meyer
29.8%
21.Braun
29.5%
3.Schneider
28.9%
13.Bauer
28.5%
30.Meier
28.2%
26.Schmitt
28.1%
59.Beck
27.2%
74.Stein
27%
8.Becker
25.2%
39.Mayer
24.6%
15.Klein
24.4%
34.Maier
24.1%
4.Fischer
21.4%
9.Schulz
20.9%
7.Wagner
19.7%
17.Schröder
18.5%
55.Frank
18.3%
16.Wolf
18.2%
71.Schumacher
17.9%
10.Hoffmann
17.1%
5.Weber
16.5%
56.Berger
16.1%
37.König
15.8%
12.Koch
15.6%
44.Lang
15.4%
46.Möller
14.1%
20.Zimmermann
14%
27.Werner
13.4%
35.Köhler
13%
41.Kaiser
12.9%
23.Hofmann
12.7%
18.Neumann
12.6%
75.Jäger
12.4%
Rank Surname % Correct
43.Peters
12.4%
28.Schmitz
12.3%
31.Lehmann
12.3%
33.Schulze
12.3%
52.Friedrich
12%
48.Jung
11.9%
58.Roth
11.9%
38.Walter
11.7%
14.Richter
11.5%
69.Kraus
11.5%
51.Vogel
11.2%
11.Schäfer
11.1%
70.Martin
10.8%
64.Schuster
10.7%
53.Keller
10.5%
40.Huber
10.5%
25.Lange
10.5%
36.Herrmann
10.4%
42.Fuchs
10.1%
61.Baumann
10.1%
22.Krüger
9.6%
24.Hartmann
9.2%
29.Krause
9%
50.Schubert
8.9%
54.Günther
8.8%
66.Ludwig
8.4%
72.Krämer
8.3%
49.Hahn
8%
68.Winter
7.8%
73.Vogt
7.7%
62.Franke
7.7%
45.Scholz
7.1%
65.Simon
6.7%
63.Albrecht
6.3%
57.Winkler
5.7%
67.Böhm
5.3%
60.Lorenz
5.1%

You're not logged in!

Compare scores with friends on all Sporcle quizzes.
OR
Log In

You Might Also Like...

Show Comments

Extras

Top Quizzes Today


Score Distribution

Your Account Isn't Verified!

In order to create a playlist on Sporcle, you need to verify the email address you used during registration. Go to your Sporcle Settings to finish the process.

Report this User

Report this user for behavior that violates our Community Guidelines.

Details: